<?xml version="1.0" encoding="UTF-8"?>
<record
    xmlns:xsi="http://www.w3.org/2001/XMLSchema-instance"
    xsi:schemaLocation="http://www.loc.gov/MARC21/slim http://www.loc.gov/standards/marcxml/schema/MARC21slim.xsd"
    xmlns="http://www.loc.gov/MARC21/slim">

  <leader>00789nam a2200181Ia 4500</leader>
  <controlfield tag="008">090630s9999    xx            000 0 und d</controlfield>
  <datafield tag="082" ind1=" " ind2=" ">
    <subfield code="b">26046</subfield>
  </datafield>
  <datafield tag="100" ind1=" " ind2=" ">
    <subfield code="a">&#x928;&#x93F;&#x935;&#x921; &#x906;&#x923;&#x93F; &#x928;&#x93F;&#x930;&#x941;&#x92A;&#x923; &#x92E;&#x93E;&#x927;&#x935; &#x915;&#x93E;&#x928;&#x93F;&#x91F;&#x915;&#x930;.</subfield>
  </datafield>
  <datafield tag="245" ind1=" " ind2=" ">
    <subfield code="a">&#x926;&#x948;&#x928;&#x902;&#x926;&#x93F;&#x928; &#x926;&#x93E;&#x938;&#x92C;&#x94B;&#x927;.</subfield>
    <subfield code="c">&#x928;&#x93F;&#x935;&#x921; &#x906;&#x923;&#x93F; &#x928;&#x93F;&#x930;&#x941;&#x92A;&#x923; &#x92E;&#x93E;&#x927;&#x935; &#x915;&#x93E;&#x928;&#x93F;&#x91F;&#x915;&#x930;.</subfield>
  </datafield>
  <datafield tag="260" ind1=" " ind2=" ">
    <subfield code="b">&#x92A;&#x94D;&#x930;&#x92A;&#x902;&#x91A;.</subfield>
    <subfield code="c">2004</subfield>
  </datafield>
  <datafield tag="300" ind1=" " ind2=" ">
    <subfield code="a">365</subfield>
  </datafield>
  <datafield tag="600" ind1=" " ind2=" ">
    <subfield code="a">&#x928;&#x93F;&#x935;&#x921; &#x906;&#x923;&#x93F; &#x928;&#x93F;&#x930;&#x941;&#x92A;&#x923; &#x92E;&#x93E;&#x927;&#x935; &#x915;&#x93E;&#x928;&#x93F;&#x91F;&#x915;&#x930;.</subfield>
  </datafield>
  <datafield tag="630" ind1=" " ind2=" ">
    <subfield code="a">&#x926;&#x948;&#x928;&#x902;&#x926;&#x93F;&#x928; &#x926;&#x93E;&#x938;&#x92C;&#x94B;&#x927;.</subfield>
  </datafield>
  <datafield tag="655" ind1=" " ind2=" ">
    <subfield code="a">&#x927;&#x93E;&#x930;&#x94D;&#x92E;&#x93F;&#x915;.</subfield>
  </datafield>
  <datafield tag="700" ind1=" " ind2=" ">
    <subfield code="a">&#x928;&#x93F;&#x935;&#x921; &#x906;&#x923;&#x93F; &#x928;&#x93F;&#x930;&#x941;&#x92A;&#x923; &#x92E;&#x93E;&#x927;&#x935; &#x915;&#x93E;&#x928;&#x93F;&#x91F;&#x915;&#x930;.</subfield>
  </datafield>
  <datafield tag="730" ind1=" " ind2=" ">
    <subfield code="a">&#x926;&#x948;&#x928;&#x902;&#x926;&#x93F;&#x928; &#x926;&#x93E;&#x938;&#x92C;&#x94B;&#x927;.</subfield>
  </datafield>
  <datafield tag="942" ind1=" " ind2=" ">
    <subfield code="c">BOOK</subfield>
  </datafield>
  <datafield tag="999" ind1=" " ind2=" ">
    <subfield code="c">277902</subfield>
    <subfield code="d">277902</subfield>
  </datafield>
  <datafield tag="952" ind1=" " ind2=" ">
    <subfield code="0">0</subfield>
    <subfield code="1">0</subfield>
    <subfield code="4">0</subfield>
    <subfield code="7">0</subfield>
    <subfield code="a">SAWASHRI</subfield>
    <subfield code="b">SAWASHRI</subfield>
    <subfield code="d">0000-00-00</subfield>
    <subfield code="g">150.00</subfield>
    <subfield code="l">0</subfield>
    <subfield code="o">26046</subfield>
    <subfield code="p">SAWASHRI-26046</subfield>
    <subfield code="r">2009-06-30 00:00:00</subfield>
    <subfield code="v">150.00</subfield>
    <subfield code="w">2009-06-30</subfield>
    <subfield code="y">BOOK</subfield>
  </datafield>
</record>
